000 00283nam a22001337a 4500
008 170526b xxu||||| |||| 00| 0 eng d
020 _a0471060704
041 _aeng
080 _a621
100 _a27
101 _aIM
245 _aTHYRISTOR DC DRIVES
_cSEN, P.C
942 _2udc
_cBK
999 _c14599
_d14599